ბათუმის შოთა რუსთაველის სახელმწიფო უნივერსიტეტის ბიბლიოთეკა

Педагогика № 7. 2016. (ბიბ.ჩანაწერი № 52036)

000 -LEADER
fixed length control field 00486nam a2200169Ia 4500
001 - CONTROL NUMBER
control field 19040
003 - CONTROL NUMBER IDENTIFIER
control field GE_BSU
008 - FIXED-LENGTH DATA ELEMENTS--GENERAL INFORMATION
fixed length control field 181216s||||||||xx |||||||||||||| ||und||
040 ## - CATALOGING SOURCE
Transcribing agency GE_BSU
245 ## - TITLE STATEMENT
Title Педагогика № 7. 2016.
245 ## - TITLE STATEMENT
Statement of responsibility, etc. Гл. ред. Р.С.Бозиев
260 ## - PUBLICATION, DISTRIBUTION, ETC.
Name of publisher, distributor, etc. педагогика
653 ## - INDEX TERM--UNCONTROLLED
Uncontrolled term Научн-технич. журнал РА образования
653 ## - INDEX TERM--UNCONTROLLED
Uncontrolled term Педагогика
653 ## - INDEX TERM--UNCONTROLLED
Uncontrolled term პერიოდიკა
942 ## - ADDED ENTRY ELEMENTS (KOHA)
Koha item type პერიოდიკა
ეგზემპლარები
Withdrawn status Lost status Damaged status Not for loan Date acquired Barcode Date last seen Price effective from Koha item type
        2018-12-17 p77986 2018-12-17 2018-12-17 პერიოდიკა